| 000 | 01411cam a2200361 a 4500 | ||
|---|---|---|---|
| 001 | 15009423 | ||
| 005 | 20240818092912.0 | ||
| 008 | 070917s2008 enka b 001 0 eng | ||
| 010 | _a2007038135 | ||
| 015 |
_aGBA825187 _2bnb |
||
| 016 | 7 |
_a014537014 _2Uk |
|
| 020 | _a9780521885690 | ||
| 020 | _a0521885698 | ||
| 035 | _a(OCoLC)ocn173182695 | ||
| 035 | _a(OCoLC)173182695 | ||
| 040 |
_aDLC _cDLC _dBAKER _dBTCTA _dYDXCP _dUKM _dC#P _dDLC |
||
| 050 | 0 | 0 |
_aQA808.2 _b.S46 2008 |
| 082 | 0 | 0 |
_a531 _222 _bSHA |
| 100 | 1 |
_aShabana, Ahmed A., _d1951- _93192 |
|
| 245 | 1 | 0 |
_aComputational Continuum Mechanics / _cAhmed A. Shabana. |
| 260 |
_aCambridge ; _aNew York : _bCambridge University Press, _cc2008. |
||
| 300 |
_axii, 335 p. : _bill. ; _c27 cm. |
||
| 504 | _aIncludes bibliographical references (p. 321-326) and index. | ||
| 650 | 0 |
_aContinuum mechanics. _93193 |
|
| 650 | 0 |
_aEngineering mathematics. _93194 |
|
| 856 | 4 | 2 |
_3Publisher description _uhttp://www.loc.gov/catdir/enhancements/fy0803/2007038135-d.html |
| 856 | 4 | 1 |
_3Table of contents only _uhttp://www.loc.gov/catdir/enhancements/fy0803/2007038135-t.html |
| 942 |
_2ddc _cBB _hRDA-MOD |
||
| 999 |
_c11195 _d11195 |
||
| 336 |
_2rdacontent _atext _btxt |
||
| 337 |
_aunmediated _2rdamedia _bn |
||
| 338 |
_avolume _bnc _2rdacarrier |
||